000 01339cam a2200397 i 4500
001 14969079
003 EG-ScBUE
005 20241126101806.0
006 m||||fq||h 00| 0
008 070816t2009 njua f b 001 0 eng d
020 _a9780132363440 (pbk.)
020 _a0132363445 (pbk.)
020 _a9780136001829 (CD-ROM)
020 _a0136001823 (CD-ROM)
040 _aDLC
_beng
_erda
_cDLC
_dYDX
_dBAKER
_dBTCTA
_dYDXCP
_dUKM
_dDLC
_dEG-ScBUE
082 0 4 _222
_a519.5
_bMCC
100 1 _aMcClave, James T.,
_eauthor.
_937445
245 1 0 _aStatistics /
_cJames T. McClave, info tech, Inc., University of Florida, Terry Sincich, University of South Florida.
250 _aEleventh edition.
264 1 _aUpper Saddle River, NJ :
_bPearson Prentice Hall,
_c[2009]
264 4 _cc2009
300 _axxii, 835 pages :
_billustrations ;
_c29 cm +
_e1 CD
336 _2rdacontent
_atext
_btxt
336 _2rdacontent
_asounds
_bsnd
337 _aunmediated
_2rdamedia
_bn
337 _aaudio
_2rdamedia
_bs
338 _avolume
_bnc
_2rdacarrier
338 _acomputer disc
_bcd
_2rdacarrier
504 _aIncludes bibliographical references and index.
650 7 _aStatistics.
_2BUEsh
_92829
651 _2BUEsh
653 _bGGEN
_cNovember2017
655 _vReading book
700 1 _aSincich, Terry,
_eauthor.
942 _2ddc
_cBB
999 _c25691
_d25663